000 00332nam a2200145Ia 4500
100 _aChristensen/Jane
650 _aCarpentery
942 _cBK
654 _aWood Processing
245 _aWood Processing simplified
260 _bPrentice Hall of India
_aNew Delhi
_c1986
082 _a651.8
300 _a120
546 _aENGLISH
999 _c34840
_d34840